| 000 | 01091 a2200229 4500 | ||
|---|---|---|---|
| 001 | 25319 | ||
| 005 | 20260407155537.0 | ||
| 008 | 260407a2011 arg spa d | ||
| 003 | AR-UNSa-BCEJYS | ||
| 040 |
_aAR-UNSa-BCEJYS _bspa _cAR-UNSa-BCEJYS |
||
| 080 |
_a174:65 _xEtica en gestión y organización de la industria (Responsabilidad Social Empresaria) |
||
| 245 | 1 | 0 |
_aEtica y empresa _pvalores y responsabilidad social en la gestión |
| 020 | _a978-950-641-594-5 | ||
| 264 | 1 |
_aBuenos Aires : _bGranica _c2011 |
|
| 300 |
_a150 p. _c22 cm. |
||
| 505 | _a1. La sociedad poscapitalista - 2. La necesidad de una conducción ética - 3. Valores en la toma de decisiones - 4. Responsabilidad social empresaria - 5. Responsabilidad empresaria y medio ambiente - 6. Indicadores de responsabilidad social - 7. La ética en la formación de los administradores | ||
| 041 | _aspa | ||
| 942 | _cBK | ||
| 590 | _aniveau_biblio:m niveau_hierar:0 | ||
| 100 | 1 | _aGilli, Juan José | |
| 856 | 4 | 1 |
_uhttps://biblioeco.unsa.edu.ar/pmb/images/libros/?tica y Empresa (2011).jpg _yImagen de portada _qimage/jpeg |
| 999 |
_c1363 _d1363 |
||